[Event "Online Olym Div3 C"]
[Site "Chess.com INT"]
[Date "2020.08.08"]
[Round "6.4"]
[White "Kulpruethanon, Thanadon"]
[Black "Borg, Geoffrey D"]
[Result "1/2-1/2"]
[WhiteElo "2282"]
[BlackElo "2367"]
[PlyCount "20"]
[EventDate "2020.08.07"]
[EventType "team-tourn (rapid)"]
[EventRounds "9"]
[EventCountry "USA"]
[SourceTitle "CBM 198"]
[Source "ChessBase"]
[SourceDate "2020.10.31"]
[SourceVersion "1"]
[SourceVersionDate "2020.10.31"]
[SourceQuality "1"]
[WhiteTeam "Thailand"]
[BlackTeam "Malta"]
[WhiteTeamCountry "THA"]
[BlackTeamCountry "MLT"]

1. e4 e6 2. d4 d5 3. Bd3 dxe4 4. Bxe4 Nf6 5. Bf3 Be7 6. Ne2 0-0 7. Nbc3 c5 8. d5 exd5 9. Nxd5 Nxd5 10. Qxd5 Nc6 1/2-1/2

[Event "Online Olym Div4 B"]
[Site "Chess.com INT"]
[Date "2020.08.02"]
[Round "7.2"]
[White "Borg, Geoffrey D"]
[Black "Nezad, Husein Aziz"]
[Result "1/2-1/2"]
[WhiteElo "2367"]
[BlackElo "2386"]
[PlyCount "94"]
[EventDate "2020.07.31"]
[EventType "team-tourn (rapid)"]
[EventRounds "9"]
[EventCountry "USA"]
[SourceTitle "CBM 198"]
[Source "ChessBase"]
[SourceDate "2020.10.31"]
[SourceVersion "1"]
[SourceVersionDate "2020.10.31"]
[SourceQuality "1"]
[WhiteTeam "Malta"]
[BlackTeam "Qatar"]
[WhiteTeamCountry "MLT"]
[BlackTeamCountry "QAT"]

1. d4 d5 2. c4 e6 3. Nf3 Nf6 4. g3 Bb4+ 5. Bd2 Be7 6. Bg2 0-0 7. 0-0 c6 8. Qc2 Nbd7 9. Bf4 b6 10. Nbd2 Bb7 11. Rfd1 c5 12. dxc5 Bxc5 13. Nb3 Be7 14. cxd5 Bxd5 15. Ne5 Nxe5 16. Bxe5 Qc8 17. Qxc8 Rfxc8 18. Bxd5 Nxd5 19. Rac1 f6 20. Bd4 Kf7 21. a3 Bf8 22. Kf1 h5 23. e4 Ne7 24. Rxc8 Rxc8 25. Rc1 Rxc1+ 26. Nxc1 Nc6 27. Bc3 b5 28. Nd3 e5 29. f4 exf4 30. gxf4 Bd6 31. Kg2 g5 32. e5 fxe5 33. fxg5 Kg6 34. h4 Kf5 35. Bb4 Bxb4 36. Nxb4 Ne7 37. Kf3 Ng6 38. Kg3 e4 39. Nc6 a6 40. Nb4 Ke5 41. Nxa6 e3 42. Nb4 Ke4 43. b3 Kd4 44. a4 bxa4 45. bxa4 e2 46. Kf2 Nxh4 47. Kxe2 Ng6 1/2-1/2

[Event "Online Olym Div4 B"]
[Site "Chess.com INT"]
[Date "2020.08.02"]
[Round "8.5"]
[White "Wanyama, Harold"]
[Black "Borg, Geoffrey D"]
[Result "1/2-1/2"]
[WhiteElo "2312"]
[BlackElo "2367"]
[PlyCount "52"]
[EventDate "2020.07.31"]
[EventType "team-tourn (rapid)"]
[EventRounds "9"]
[EventCountry "USA"]
[SourceTitle "CBM 198"]
[Source "ChessBase"]
[SourceDate "2020.10.31"]
[SourceVersion "1"]
[SourceVersionDate "2020.10.31"]
[SourceQuality "1"]
[WhiteTeam "Uganda"]
[BlackTeam "Malta"]
[WhiteTeamCountry "UGA"]
[BlackTeamCountry "MLT"]

1. d4 g6 2. c4 Bg7 3. Nc3 c5 4. Nf3 cxd4 5. Nxd4 Nc6 6. e3 Nf6 7. Be2 0-0 8. 0-0 d5 9. Nxc6 bxc6 10. Bf3 Ba6 11. Be2 Bxc4 12. Bxc4 dxc4 13. Qa4 Nd5 14. Qxc4 Nxc3 15. bxc3 Qd5 16. Qxd5 cxd5 17. Bd2 Rfc8 18. Rfc1 Rc7 19. Rab1 Rac8 20. Rb3 e6 21. Kf1 a5 22. Ke2 a4 23. Rb4 Bxc3 24. Rxa4 Bxd2 25. Rxc7 Rxc7 26. Kxd2 Kf8 1/2-1/2

[Event "Online Olym Div4 B"]
[Site "Chess.com INT"]
[Date "2020.08.01"]
[Round "5.3"]
[White "Borg, Geoffrey D"]
[Black "Hashem, Khaled"]
[Result "1-0"]
[WhiteElo "2367"]
[BlackElo "1908"]
[PlyCount "73"]
[EventDate "2020.07.31"]
[EventType "team-tourn (rapid)"]
[EventRounds "9"]
[EventCountry "USA"]
[SourceTitle "CBM 198"]
[Source "ChessBase"]
[SourceDate "2020.10.31"]
[SourceVersion "1"]
[SourceVersionDate "2020.10.31"]
[SourceQuality "1"]
[WhiteTeam "Malta"]
[BlackTeam "Kuwait"]
[WhiteTeamCountry "MLT"]
[BlackTeamCountry "KUW"]

1. d4 d5 2. c4 c6 3. Nf3 Nf6 4. Qc2 e6 5. g3 Be7 6. Bg2 Nbd7 7. 0-0 h6 8. b3 0-0 9. Nc3 b6 10. Bb2 Bb7 11. Rad1 Rc8 12. Rfe1 Qc7 13. e4 dxe4 14. Nxe4 Nxe4 15. Qxe4 Nf6 16. Qc2 Rfd8 17. c5 Nd5 18. a3 a5 19. Ne5 Bf6 20. Nc4 bxc5 21. dxc5 Bxb2 22. Qxb2 Ba6 23. Nd6 Rb8 24. Qc2 Qa7 25. Bh3 Bc8 26. Rd3 Qc7 27. Qd2 Ra8 28. Rf3 Rf8 29. Bf1 Ba6 30. Re4 Bxf1 31. Kxf1 Qa7 32. Qd4 Qa6+ 33. Kg2 Rab8 34. Rg4 f6 35. Qe4 e5 36. Qg6 Qa7 37. Nf5 1-0

[Event "Online Olym Div4 B"]
[Site "Chess.com INT"]
[Date "2020.07.31"]
[Round "1.5"]
[White "Borg, Geoffrey D"]
[Black "Yousuf, Azeem Makhdoomi"]
[Result "0-1"]
[WhiteElo "2367"]
[BlackElo "1790"]
[PlyCount "96"]
[EventDate "2020.07.31"]
[EventType "team-tourn (rapid)"]
[EventRounds "9"]
[EventCountry "USA"]
[SourceTitle "CBM 198"]
[Source "ChessBase"]
[SourceDate "2020.10.31"]
[SourceVersion "1"]
[SourceVersionDate "2020.10.31"]
[SourceQuality "1"]
[WhiteTeam "Malta"]
[BlackTeam "Pakistan"]
[WhiteTeamCountry "MLT"]
[BlackTeamCountry "PAK"]

1. d4 d5 2. c4 e6 3. Nf3 Nf6 4. g3 Be7 5. Bg2 0-0 6. 0-0 b6 7. Nc3 Bb7 8. cxd5 exd5 9. Bf4 Nbd7 10. Rc1 c5 11. Ne5 Rc8 12. a3 c4 13. Re1 a6 14. Bg5 b5 15. Bh3 Ra8 16. Nxd7 Nxd7 17. Bxe7 Qxe7 18. Bg2 Nf6 19. f3 Qe3+ 20. Kh1 Rfe8 21. Rc2 Re7 22. Qd2 Rae8 23. Qxe3 Rxe3 24. Kg1 Bc6 25. Kf2 a5 26. Nd1 R3e7 27. e3 b4 28. axb4 axb4 29. Rce2 Ba4 30. g4 g5 31. Kg3 Bxd1 32. Rxd1 Rxe3 33. Rxe3 Rxe3 34. Kf2 Rb3 35. Rd2 c3 36. bxc3 bxc3 37. Rd1 Rb2+ 38. Kg3 h5 39. Rc1 h4+ 40. Kh3 Rb3 41. Bf1 Ne8 42. Ba6 Nc7 43. Bc8 Nb5 44. Bb7 Nc7 45. Bc6 Ne6 46. Kg2 Rb2+ 47. Kf1 c2 48. Ke1 Nxd4 0-1

[Event "EU-ch Internet fin"]
[Site "Playchess.com INT"]
[Date "2003.11.09"]
[Round "1.1"]
[White "Bologan, Viktor"]
[Black "Borg, Geoffrey D"]
[Result "1-0"]
[WhiteElo "2650"]
[BlackElo "2367"]
[PlyCount "61"]
[EventDate "2003.11.09"]
[EventType "k.o. (blitz)"]
[EventRounds "5"]
[EventCountry "GER"]
[SourceTitle "EXT 2004"]
[Source "ChessBase"]
[SourceDate "2003.11.25"]
[SourceVersion "1"]
[SourceVersionDate "2003.11.25"]
[SourceQuality "1"]

1. e4 c5 2. Nf3 g6 3. d4 Bg7 4. Nc3 cxd4 5. Nxd4 Nc6 6. Be3 Nf6 7. Bc4 Qa5 8. 0-0 0-0 9. Bb3 d6 10. h3 Bd7 11. Re1 Rfe8 12. Qe2 Qh5 13. Qf1 Nxd4 14. Bxd4 Bc6 15. Rad1 Nd7 16. Bxg7 Kxg7 17. f4 Qc5+ 18. Kh2 b5 19. Nd5 Rac8 20. Rd3 a6 21. c3 Bxd5 22. Rxd5 Qc7 23. Kh1 Nc5 24. f5 Nd7 25. fxg6 hxg6 26. e5 e6 27. exd6 Qc6 28. Rd4 Rcd8 29. Qf2 e5 30. Qxf7+ Kh6 31. Rh4+ 1-0

[Event "EU-ch Internet fin"]
[Site "Playchess.com INT"]
[Date "2003.11.09"]
[Round "1.5"]
[White "Bologan, Viktor"]
[Black "Borg, Geoffrey D"]
[Result "0-1"]
[WhiteElo "2650"]
[BlackElo "2367"]
[PlyCount "60"]
[EventDate "2003.11.09"]
[EventType "k.o. (blitz)"]
[EventRounds "5"]
[EventCountry "GER"]
[SourceTitle "EXT 2004"]
[Source "ChessBase"]
[SourceDate "2003.11.25"]
[SourceVersion "1"]
[SourceVersionDate "2003.11.25"]
[SourceQuality "1"]

1. e4 c5 2. Nf3 g6 3. d4 Bg7 4. d5 Nf6 5. Nc3 0-0 6. h3 d6 7. a4 e6 8. Be2 exd5 9. exd5 Na6 10. 0-0 Nc7 11. Bf4 Re8 12. Bb5 Nxb5 13. Nxb5 Ne4 14. Nd2 a6 15. Re1 axb5 16. Nxe4 Rxa4 17. Rxa4 bxa4 18. Nxd6 Rxe1+ 19. Qxe1 Bxb2 20. Nc4 Bf6 21. d6 Be6 22. Qe4 b5 23. Ne5 Qxd6 24. Ng4 Qd1+ 25. Kh2 Bxg4 26. hxg4 Qxg4 27. Qe8+ Kg7 28. Bd6 Qh5+ 29. Kg3 Qg5+ 30. Kf3 Qd5+ 0-1

[Event "EU-ch Internet qual"]
[Site "Playchess.com INT"]
[Date "2003.11.08"]
[Round "4"]
[White "Borg, Geoffrey D"]
[Black "Dizdarevic, Emir"]
[Result "0-1"]
[WhiteElo "2367"]
[BlackElo "2486"]
[PlyCount "80"]
[EventDate "2003.11.08"]
[EventType "swiss (blitz)"]
[EventRounds "15"]
[EventCountry "GER"]
[SourceTitle "EXT 2004"]
[Source "ChessBase"]
[SourceDate "2003.11.25"]
[SourceVersion "1"]
[SourceVersionDate "2003.11.25"]
[SourceQuality "1"]

1. d4 Nf6 2. c4 d6 3. Nc3 e5 4. Nf3 e4 5. Ng5 Qe7 6. Qc2 Bf5 7. g4 Bg6 8. Bg2 Nc6 9. e3 0-0-0 10. Ngxe4 d5 11. cxd5 Nb4 12. Qb1 Nbxd5 13. f3 Nxc3 14. bxc3 Nxe4 15. fxe4 Qh4+ 16. Kf1 Qxg4 17. Qd3 Rd6 18. Bd2 Rf6+ 19. Kg1 Re6 20. h3 Qxg2+ 21. Kxg2 Bxe4+ 22. Qxe4 Rxe4 23. Rhf1 f6 24. Kf3 Re8 25. Rg1 f5 26. Rae1 g6 27. e4 fxe4+ 28. Rxe4 Bd6 29. Rxe8+ Rxe8 30. h4 Rf8+ 31. Ke2 Rf5 32. Kd3 b5 33. Rh1 Kd7 34. Bg5 Kc6 35. Re1 Kd5 36. Re8 Rf3+ 37. Kc2 Kc4 38. Bd2 Rf2 39. Kd1 Rh2 40. Ra8 Kd3 0-1

[Event "EU-ch Internet qual"]
[Site "Playchess.com INT"]
[Date "2003.11.08"]
[Round "6"]
[White "Borg, Geoffrey D"]
[Black "Gozzoli, Yannick"]
[Result "1-0"]
[WhiteElo "2367"]
[BlackElo "2445"]
[PlyCount "135"]
[EventDate "2003.11.08"]
[EventType "swiss (blitz)"]
[EventRounds "15"]
[EventCountry "GER"]
[SourceTitle "EXT 2004"]
[Source "ChessBase"]
[SourceDate "2003.11.25"]
[SourceVersion "1"]
[SourceVersionDate "2003.11.25"]
[SourceQuality "1"]

1. d4 Nf6 2. c4 c6 3. Nf3 d5 4. Qc2 dxc4 5. Qxc4 Bf5 6. g3 e6 7. Bg2 Nbd7 8. 0-0 Be7 9. e3 0-0 10. Nc3 b5 11. Qe2 b4 12. Na4 Qa5 13. b3 Qb5 14. Re1 Be4 15. Bb2 Rac8 16. Rac1 Nd5 17. Nd2 Bxg2 18. Kxg2 Qxe2 19. Rxe2 c5 20. dxc5 Nxc5 21. Nxc5 Bxc5 22. e4 Ne7 23. Nc4 Rfd8 24. Rcc2 Nc6 25. Rcd2 f6 26. f4 Kf7 27. Kf3 Ke7 28. Rxd8 Rxd8 29. Rd2 Ra8 30. Rc2 Bd4 31. Ne3 Bxe3 32. Rxc6 Bb6 33. g4 Rd8 34. Ke2 Kd7 35. Rc2 Rg8 36. h4 h5 37. g5 Rf8 38. gxf6 gxf6 39. Kf3 Ke7 40. Rg2 Kf7 41. Rd2 Rc8 42. Rd7+ Kg6 43. Rd6 Rc2 44. f5+ exf5 45. exf5+ Kh7 46. Bxf6 Rf2+ 47. Ke4 Re2+ 48. Kd5 Kg8 49. Bg5 Kf8 50. Kc4 Rc2+ 51. Kd5 Re2 52. Rf6+ Kg8 53. Rg6+ Kf8 54. Rh6 Rxa2 55. Rxh5 Re2 56. Rh7 Kg8 57. Rb7 Rf2 58. f6 Rf3 59. Ke6 Rxb3 60. f7+ Kg7 61. Bh6+ Kxh6 62. f8Q+ Kh5 63. Rh7+ Kg4 64. Qf5+ Kg3 65. Qe5+ Kg2 66. Qd5+ Rf3 67. Rf7 b3 68. Qxf3+ 1-0

[Event "EU-ch Internet qual"]
[Site "Playchess.com INT"]
[Date "2003.11.08"]
[Round "12"]
[White "Borg, Geoffrey D"]
[Black "Richter, Christian"]
[Result "1/2-1/2"]
[WhiteElo "2367"]
[BlackElo "2332"]
[PlyCount "265"]
[EventDate "2003.11.08"]
[EventType "swiss (blitz)"]
[EventRounds "15"]
[EventCountry "GER"]
[SourceTitle "EXT 2004"]
[Source "ChessBase"]
[SourceDate "2003.11.25"]
[SourceVersion "1"]
[SourceVersionDate "2003.11.25"]
[SourceQuality "1"]

1. d4 Nf6 2. c4 g6 3. Nc3 Bg7 4. e4 d6 5. f4 Na6 6. Nf3 0-0 7. Be3 e5 8. dxe5 dxe5 9. Qxd8 Rxd8 10. Nxe5 Re8 11. Be2 Nxe4 12. Nxe4 f6 13. Nxf6+ Bxf6 14. Kf2 Bxe5 15. fxe5 Rxe5 16. Bf3 c6 17. Rhe1 Be6 18. b3 Kf7 19. Bd4 Rxe1 20. Rxe1 Nb4 21. Re2 a5 22. Bc3 Nd3+ 23. Ke3 Nc5 24. Bd4 Nd7 25. Kf2 a4 26. Rb2 axb3 27. axb3 Ra1 28. Be2 Rc1 29. Be3 Ra1 30. Bd4 c5 31. Be3 b6 32. b4 Ra4 33. bxc5 bxc5 34. Rb7 Kf6 35. Rc7 Ra5 36. h4 h5 37. g3 Ne5 38. Rxc5 Rxc5 39. Bxc5 Bxc4 40. Bd4 Kf5 41. Bxe5 Bxe2 42. Bf4 Bg4 43. Bg5 Ke4 44. Bf4 Bf5 45. Bg5 Kd3 46. Bf6 Kd2 47. Bg5+ Kd1 48. Bf6 Be4 49. Bg5 Bf5 50. Bf6 Kc2 51. Be5 Kd3 52. Bf4 Kc4 53. Bg5 Kd5 54. Bf4 Ke6 55. Ke3 Kd5 56. Bg5 Ke5 57. Bd8 Kd5 58. Bc7 Kc4 59. Bf4 Kc3 60. Bb8 Kc2 61. Kf4 Kd2 62. Bc7 Ke2 63. Bb8 Kf2 64. Ba7+ Kg2 65. Bb8 Kh3 66. Ba7 Bb1 67. Bb6 Bc2 68. Ba7 Bd1 69. Bb6 Bg4 70. Bc7 Bc8 71. Ke3 Kg4 72. Kf2 Bd7 73. Bb8 Bc6 74. Bc7 Bd5 75. Bb8 Be4 76. Bc7 Bf3 77. Bb8 Ba8 78. Bc7 Bh1 79. Bb8 Kf5 80. Bc7 Bd5 81. Bb8 g5 82. Bc7 gxh4 83. gxh4 Kg4 84. Bd8 Be4 85. Ke3 Bg2 86. Kd4 Bf3 87. Kc5 Bd1 88. Kb6 Kf5 89. Ka7 Ke6 90. Kb8 Kd7 91. Bg5 Bg4 92. Ka7 Ke6 93. Kb6 Kd5 94. Ka5 Be2 95. Kb4 Kd4 96. Ka5 Kd3 97. Kb6 Bf3 98. Kc7 Kc2 99. Kd8 Bg4 100. Ke7 Kd1 101. Kf6 Ke2 102. Ke5 Kf3 103. Kd6 Kg3 104. Kc5 Kh3 105. Kd6 Kh2 106. Kc5 Kh1 107. Kd6 Kg2 108. Ke5 Kf3 109. Kf6 Ke4 110. Ke7 Kd5 111. Bf6 Ke4 112. Bg5 Kf5 113. Kd6 Kg6 114. Kc5 Kg7 115. Kd4 Kh8 116. Ke5 Kg8 117. Kd6 Kf8 118. Ke5 Kf7 119. Kd6 Ke8 120. Kc5 Kd7 121. Kd4 Kc6 122. Ke3 Kd5 123. Kf4 Kd4 124. Bd8 Kd3 125. Bg5 Kd4 126. Bd8 Kd5 127. Bg5 Kd6 128. Bd8 Ke6 129. Bg5 Kd7 130. Ke3 Kd6 131. Kd4 Ke6 132. Bf4 Kf5 133. Bg5 1/2-1/2

[Event "EU-ch Internet qual"]
[Site "Playchess.com INT"]
[Date "2003.11.08"]
[Round "13"]
[White "Siebrecht, Sebastian"]
[Black "Borg, Geoffrey D"]
[Result "0-1"]
[WhiteElo "2434"]
[BlackElo "2367"]
[PlyCount "94"]
[EventDate "2003.11.08"]
[EventType "swiss (blitz)"]
[EventRounds "15"]
[EventCountry "GER"]
[SourceTitle "EXT 2004"]
[Source "ChessBase"]
[SourceDate "2003.11.25"]
[SourceVersion "1"]
[SourceVersionDate "2003.11.25"]
[SourceQuality "1"]

1. d4 g6 2. e4 Bg7 3. Nc3 c5 4. dxc5 Qa5 5. Bd2 Qxc5 6. Nd5 b6 7. Be3 Qc6 8. Bb5 Qb7 9. c3 Nc6 10. Nf3 e6 11. Nf4 Nge7 12. 0-0 0-0 13. h4 Rd8 14. h5 d5 15. exd5 Nxd5 16. Nxd5 Rxd5 17. Qe2 Rxh5 18. Rad1 Bd7 19. Bf4 e5 20. Bg3 e4 21. Qxe4 Rxb5 22. Rd6 Be8 23. Rfd1 Na5 24. Qe2 Qc8 25. a4 Rf5 26. b4 Nb7 27. R6d3 Bxa4 28. Rc1 Bb5 29. c4 Bxc4 30. Rxc4 Qxc4 31. Rd8+ Rxd8 32. Qxc4 Rd1+ 33. Kh2 Rh5+ 34. Nh4 Bf6 35. Qg4 Kg7 36. f4 Rd3 37. Bf2 Nd6 38. Kg1 Nf5 39. Nxf5+ Rxf5 40. Qe2 Rdd5 41. g3 h5 42. Kg2 a5 43. bxa5 bxa5 44. Qa2 Rb5 45. Be3 Rb2+ 46. Qxb2 Bxb2 47. Kf3 Rb5 0-1

[Event "Panormo zt"]
[Site "Panormo"]
[Date "1998.10.24"]
[Round "1"]
[White "Borg, Geoffrey D"]
[Black "Damljanovic, Branko"]
[Result "1-0"]
[WhiteElo "2360"]
[BlackElo "2555"]
[PlyCount "77"]
[EventDate "1998.10.24"]
[EventType "swiss"]
[EventRounds "11"]
[EventCountry "GRE"]
[SourceTitle "CBM 067 Extra"]
[Source "ChessBase"]
[SourceDate "1999.01.01"]
[SourceVersion "1"]
[SourceVersionDate "1999.01.01"]
[SourceQuality "1"]

1. d4 Nf6 2. c4 g6 3. Nc3 Bg7 4. e4 d6 5. f4 0-0 6. Nf3 Na6 7. Be3 c6 8. Be2 Nc7 9. h3 d5 10. e5 Ne4 11. Nxe4 dxe4 12. Ng5 f5 13. h4 h6 14. Nh3 b5 15. b3 Be6 16. Rc1 Rb8 17. Qd2 bxc4 18. bxc4 Rb7 19. Kf2 Qb8 20. Rhd1 Rb4 21. Rc2 Qb7 22. Qc3 Rb8 23. Bc1 Rb1 24. Ba3 Rxd1 25. Bxd1 Qb1 26. Rd2 Bf8 27. Bb3 a5 28. Rd1 Rxb3 29. Qxb3 e3+ 30. Kxe3 Qe4+ 31. Kf2 Nd5 32. cxd5 Bxd5 33. Qf3 Qc2+ 34. Qe2 Qa4 35. Bc5 Kf7 36. Rb1 Bc4 37. Qd2 Bd5 38. Ng1 Qc4 39. Nf3 1-0

[Event "IECG CM.1996.0.00011"]
[Site "IECG email"]
[Date "1996.??.??"]
[Round "?"]
[White "Albarran, Gustavo Eduardo"]
[Black "Borg, Geoffrey D"]
[Result "1/2-1/2"]
[WhiteElo "2095"]
[BlackElo "2478"]
[PlyCount "30"]
[EventDate "1996.03.25"]
[EventType "tourn (corr)"]
[EventRounds "6"]
[SourceTitle "Corr 2008"]
[Source "ChessBase"]
[SourceDate "2008.06.24"]
[SourceVersion "1"]
[SourceVersionDate "2008.06.24"]
[SourceQuality "1"]

1. d4 Nf6 2. Nf3 d5 3. c4 e6 4. g3 dxc4 5. Bg2 Nc6 6. Qa4 Bb4+ 7. Bd2 Nd5 8. Bxb4 Ndxb4 9. 0-0 Rb8 10. Nc3 a6 11. Ne5 0-0 12. Nxc6 Nxc6 13. Bxc6 bxc6 14. Qxc4 Rxb2 15. Rab1 Rb6 1/2-1/2

[Event "IECG CM.1996.0.00013"]
[Site "IECG email"]
[Date "1996.??.??"]
[Round "?"]
[White "Borg, Geoffrey D"]
[Black "Burkett, Max"]
[Result "1-0"]
[WhiteElo "2478"]
[BlackElo "2258"]
[PlyCount "71"]
[EventDate "1996.04.19"]
[EventType "tourn (corr)"]
[EventRounds "6"]
[SourceTitle "Corr 2008"]
[Source "ChessBase"]
[SourceDate "2008.06.24"]
[SourceVersion "1"]
[SourceVersionDate "2008.06.24"]
[SourceQuality "1"]

1. d4 f5 2. g3 e6 3. Bg2 Nf6 4. c4 Bb4+ 5. Nd2 a5 6. Ngf3 0-0 7. 0-0 b6 8. Ne5 Ra7 9. Nb1 a4 10. a3 Be7 11. Nc3 d6 12. Nc6 Nxc6 13. Bxc6 Bd7 14. Bxa4 Bxa4 15. Nxa4 d5 16. cxd5 Nxd5 17. Qb3 Qd7 18. Nc3 Nxc3 19. Qxc3 Bf6 20. Rd1 c5 21. Be3 Qd5 22. Qd3 c4 23. Qc2 Rd7 24. a4 Rc8 25. f3 Qc6 26. Qc3 Kf7 27. Bf2 b5 28. axb5 Qxb5 29. e4 g6 30. Ra5 Qb7 31. e5 Bg7 32. Rda1 Rcc7 33. R1a4 Bf8 34. d5 exd5 35. Ra6 Kg8 36. e6 1-0

[Event "IECG CM.1996.0.00013"]
[Site "IECG email"]
[Date "1996.??.??"]
[Round "?"]
[White "Borg, Geoffrey D"]
[Black "Fahrbach, Manfred"]
[Result "1/2-1/2"]
[WhiteElo "2478"]
[BlackElo "2347"]
[PlyCount "33"]
[EventDate "1996.04.19"]
[EventType "tourn (corr)"]
[EventRounds "6"]
[SourceTitle "Corr 2008"]
[Source "ChessBase"]
[SourceDate "2008.06.24"]
[SourceVersion "1"]
[SourceVersionDate "2008.06.24"]
[SourceQuality "1"]

1. d4 c6 2. c4 d5 3. Nf3 Nf6 4. Nc3 e6 5. Bg5 dxc4 6. e4 b5 7. e5 h6 8. Bh4 g5 9. exf6 gxh4 10. Ne5 Qxf6 11. a4 b4 12. Ne4 Qf5 13. f3 Nd7 14. Nxc4 Qf4 15. Qb3 Rg8 16. g3 Qc7 17. f4 1/2-1/2

[Event "IECG CM.1996.0.00013"]
[Site "IECG email"]
[Date "1996.??.??"]
[Round "?"]
[White "Pecha, Martin"]
[Black "Borg, Geoffrey D"]
[Result "1/2-1/2"]
[WhiteElo "2345"]
[BlackElo "2478"]
[PlyCount "24"]
[EventDate "1996.04.19"]
[EventType "tourn (corr)"]
[EventRounds "6"]
[SourceTitle "Corr 2008"]
[Source "ChessBase"]
[SourceDate "2008.06.24"]
[SourceVersion "1"]
[SourceVersionDate "2008.06.24"]
[SourceQuality "1"]

1. e4 c5 2. Nf3 g6 3. c4 Bg7 4. d4 cxd4 5. Nxd4 Nc6 6. Be3 Nf6 7. Nc3 Ng4 8. Qxg4 Nxd4 9. Qd1 Ne6 10. Rc1 Qa5 11. Bd3 b6 12. 0-0 g5 1/2-1/2

[Event "Olympiad-27"]
[Site "Dubai"]
[Date "1986.11.19"]
[Round "5"]
[White "Charpentier Morales, William"]
[Black "Borg, Geoffrey D"]
[Result "1/2-1/2"]
[WhiteElo "2335"]
[BlackElo "2385"]
[PlyCount "50"]
[EventDate "1986.11.15"]
[EventType "team-swiss"]
[EventRounds "14"]
[EventCountry "UAE"]
[SourceTitle "TD"]
[Source "ChessBase"]
[SourceDate "1994.03.01"]
[SourceVersion "1"]
[SourceVersionDate "1994.03.01"]
[SourceQuality "1"]
[WhiteTeam "Costa Rica"]
[BlackTeam "Malta"]
[WhiteTeamCountry "CRI"]
[BlackTeamCountry "MLT"]

1. e4 e5 2. Nf3 Nc6 3. Bc4 Nf6 4. d4 exd4 5. 0-0 Nxe4 6. Re1 d5 7. Bxd5 Qxd5 8. Nc3 Qa5 9. Nxe4 Be6 10. Neg5 0-0-0 11. Nxe6 fxe6 12. Rxe6 Bd6 13. Bg5 Rde8 14. Qe2 Kd7 15. Re4 Qf5 16. Re1 Rxe4 17. Qxe4 Qxe4 18. Rxe4 Re8 19. Rxe8 Kxe8 20. Kf1 Kd7 21. Ke2 Ke6 22. Bd2 Kd5 23. Kd3 Ne5+ 24. Nxe5 Bxe5 25. f4 Bd6 1/2-1/2

[Event "Munich"]
[Site "Munich"]
[Date "1986.??.??"]
[Round "?"]
[White "Borg, Geoffrey D"]
[Black "Deze, Anton"]
[Result "1-0"]
[WhiteElo "2385"]
[BlackElo "2420"]
[PlyCount "119"]
[EventDate "1986.04.??"]
[EventType "tourn"]
[EventRounds "9"]
[EventCountry "GER"]
[EventCategory "4"]
[SourceTitle "EXT 1999"]
[Source "ChessBase"]
[SourceDate "1998.11.16"]
[SourceVersion "1"]
[SourceVersionDate "1998.11.16"]
[SourceQuality "1"]

1. e4 c5 2. Nf3 Nc6 3. c3 Nf6 4. e5 Nd5 5. d4 cxd4 6. Bc4 Nb6 7. Bb3 d6 8. exd6 Qxd6 9. 0-0 Be6 10. Bxe6 Qxe6 11. Nxd4 Nxd4 12. Qxd4 Rd8 13. Qh4 Qe2 14. Be3 e6 15. Nd2 Be7 16. Qg3 Rxd2 17. Rfe1 Qd3 18. Bxd2 Qxd2 19. Rad1 Qg5 20. Qb8+ Bd8 21. Qxb7 0-0 22. Qxa7 h5 23. Qb8 h4 24. Qe5 Na4 25. Qxg5 Bxg5 26. Rd4 Ra8 27. Rb4 Bf6 28. Rd1 g5 29. h3 Kg7 30. Rb5 Bxc3 31. Rxg5+ Kf6 32. Rg4 Nxb2 33. Rd7 e5 34. Rxh4 Rxa2 35. Rh7 Ra1+ 36. Kh2 e4 37. Rhxf7+ Kg6 38. Rfe7 Ra4 39. Re6+ Kf5 40. Rde7 Bf6 41. g4+ Kg6 42. Rc7 Rc4 43. Rxc4 Nxc4 44. Rxe4 Nd2 45. Re2 Bg5 46. Kg3 Nf1+ 47. Kg2 Nd2 48. h4 Bf4 49. Re6+ Kf7 50. Ra6 Be5 51. g5 Nc4 52. f4 Bb2 53. Kf3 Nd2+ 54. Kg4 Ne4 55. f5 Bc1 56. Ra7+ Kf8 57. f6 Bb2 58. Kf5 Nd6+ 59. Ke6 Ne8 60. Ra8 1-0